Govt. of
Madhya Pradesh

Gardens (Record no. 37472)

MARC details
000 -LEADER
fixed length control field 004110000a22001690004500
003 - CONTROL NUMBER IDENTIFIER
control field MACL
005 - DATE AND TIME OF LATEST TRANSACTION
control field 20160102142257.0
008 - FIXED-LENGTH DATA ELEMENTS--GENERAL INFORMATION
fixed length control field 160102b xxu||||| |||| 00| 0 eng d
040 ## - CATALOGING SOURCE
Original cataloging agency MACL
Transcribing agency MACL
041 ## - LANGUAGE CODE
Language code of text/sound track or separate title English
082 ## - DEWEY DECIMAL CLASSIFICATION NUMBER
Classification number 716/DAV
100 ## - MAIN ENTRY--PERSONAL NAME
Personal name Davidson, K L
9 (RLIN) 27170
245 ## - TITLE STATEMENT
Title Gardens
Remainder of title Past And Present
260 ## - PUBLICATION, DISTRIBUTION, ETC. (IMPRINT)
Name of publisher, distributor, etc. T Werner Laurie
Place of publication, distribution, etc. London
650 ## - SUBJECT ADDED ENTRY--TOPICAL TERM
Topical term or geographic name as entry element Plants
9 (RLIN) 27171
942 ## - ADDED ENTRY ELEMENTS (KOHA)
Koha item type Books
Call number prefix 716/DAV
Source of classification or shelving scheme
Holdings
Withdrawn status Lost status Source of classification or shelving scheme Damaged status Not for loan Home library Current library Date acquired Total Checkouts Full call number Barcode Date last seen Uniform Resource Identifier Price effective from Koha item type
          MACL MACL 15/04/2015   716/DAV CLE003146 29/04/2015 37686 15/04/2015 Books